Clic Qui joue dans ce film Lion d'or à Venise de 1980 à 2000 - Statistiques

Statistiques générales
  • Ce quiz a été pris 11 fois
  • Le résultat moyen est 12 sur 24
Statistiques - réponses
Hint Extra Hint Réponse % Correct
1980 - Gloria Etats-Unis Gena Rowlands
90%
1993 - Trois Couleurs : Bleu Pologne Juliette Binoche
90%
1985 - Sans toit ni loi France Sandrine Bonnaire
90%
1993 - Short Cuts Etats-Unis Andie MacDowell
80%
1997 - Hana-bi Japon Beat Takeshi
80%
1998 - Mon frère Italie Enrico Lo Verso
70%
1984 - L'Année du soleil calme Pologne Maja Komorowska
60%
1986 - Le Rayon vert France Marie Rivière
60%
2000 - Le Cercle Iran Nargess Mamizadeh
60%
1980 - Atlantic City France Burt Lancaster
50%
1983 - Prénom Carmen France / Suisse
Maruschka Detmers
50%
1992 - Qiu Ju, une femme chinoise Chine Gong Li
50%
1995 - Cyclo France / Vietnam Le Van Loc
50%
1996 - Michael Collins Irlande Liam Neeson
50%
1999 - Pas un de moins Chine Wei Minzhi
50%
1990 - Rosencrantz et Guildenstern sont morts Royaume-Uni Gary Oldman
40%
1981 - Les Années de plomb Allemagne de l'Ouest Jutta Lampe
40%
1987 - Au revoir les enfants France Gaspard Manesse
30%
1994 - Vive l'amour Taïwan Lee Kang-sheng
30%
1982 - L'État des choses Allemagne de l'Ouest Patrick Bauchau
30%
1991 - Urga URSS Bayaertu
20%
1994 - Before the Rain Macédoine Katrin Cartlidge
20%
1988 - La Légende du saint buveur Italie Rutger Hauer
20%
1989 - La Cité des douleurs Taïwan Sung Young Chen
20%
Aucun quiz correspondant
Distribution des résultats
% des personnes avec chaque résultat
Percentile par nombre de réponses
Votre historique - résultats
Vous n’avez pas pris ce quiz